| 000 | 03233nam a22003137i 4500 | ||
|---|---|---|---|
| 001 | TCPA 41 | ||
| 003 | gtcocun | ||
| 005 | 20250911175455.0 | ||
| 006 | a||||gr|||| 00| 0 | ||
| 008 | 250911b2017 GT ||||| m||| 00| 0 eng d | ||
| 040 |
_agtcocun _bSPA _cgtcocun _eRDA |
||
| 041 | _aSPA | ||
| 084 | _0TCPA 41 | ||
| 100 |
_aSacrab Macz, Cesar Augusto _eAutor |
||
| 245 |
_aInforme final del Ejercicio Profesional Supervisado, realizado en la Oficina de Gestión Social de la Municipalidad de Cobán, Alta Verapaz/ _cCesar Augusto Sacrab Macz _hImpreso |
||
| 264 |
_aCobán, Alta Verapaz: _bUniversidad de San Carlos de Guatemala, Centro Universitario del Norte, Licenciatura en Contaduría Pública y Auditoría. _c2017 |
||
| 300 |
_a47 p.: _bIlustraciones, gráficas. _c28 cm; PDF |
||
| 336 |
_2rdacontenido _aTexto _btxt |
||
| 337 |
_2rdamedio _aComputadora _bn |
||
| 338 |
_2rdasoporte _aCódigo en línea _bcr |
||
| 502 | _e. | ||
| 502 |
_aTesis de grado _bLicenciatura en Contaduría Pública y Auditoría. _cUniversidad de San Carlos de Guatemala, Centro Universitario del Norte, Licenciatura en Contaduría Pública y Auditoría. _d2017 _oTCPA 41 |
||
| 520 | 1 | 4 | _aEl Centro Universitario del Norte (CUNOR) entre su oferta académica, ofrece la licenciatura en Contaduría Pública y Auditoría, y como parte de su pensum de estudios, incluye el Ejercicio Profesional Supervisado, que fue realizado en la oficina de Gestión Social de la municipalidad de Cobán Alta Verapaz. Oficina que se dedica a la atención de las necesidades de la población en general. El Ejercicio Profesional Supervisado consta de varias fases, en la etapa inicial se elaboró un diagnóstico del municipio para detectar los problemas sociales que más afectan a la población. Posteriormente se evaluaron y elaboraron tres proyectos productivos de inversión; en dos fincas ubicadas en diferentes comunidades para contrarrestar los principales problemas socioeconómicos, que afectan a la población del área rural. El primer proyecto evaluado y elaborado fue el cultivo de cacao (theobroma de cacao) en la finca el Temal del municipio de Cobán, Alta Verapaz. Con este se pretende generar empleo a los comunitarios ubicados alrededor del lugar, que sobreviven de la siembra de maíz y otros cultivos tradicionales. Esta a su vez beneficiará el medio ambiente, puesto que el cultivo es amigable con el medio natural; ya que requiere sombra para poder producirse. La segunda actividad realizada fue la evaluación y elaboración del proyecto de crianza y engorde de pollo en la finca Chitocan; municipio de Cobán, Alta Verapaz. Con este se procura disminuir en un mínimo porcentaje la pobreza existente en las comunidades, puesto que generará empleo para los habitantes y la mayoría de mujeres se verán beneficiados. Con esta acción también se aspira a diversificar la producción en el territorio. |
| 650 | 1 | 4 |
_2LEMB _aCobán, Alta Verapaz _xcacao _xdestace de pollo _xcerdos |
| 700 |
_aLic. Carlos Abraham Sierra Alvarado _eAsesor |
||
| 856 |
_uhttps://drive.google.com/file/d/11kC4h1GnBLkuBqfZoYtg7ysOXu4XEdOZ/view?usp=sharing _yPDF _zUn ejemplar en línea. |
||
| 942 |
_2ddc _cTES _kClasificación _n0 |
||
| 999 |
_c1801 _d1801 |
||